| 000 | 00909cam a22002775i 4500 | ||
|---|---|---|---|
| 999 |
_c12463 _d12463 |
||
| 003 | EG-ScBUE | ||
| 005 | 20210207151403.0 | ||
| 008 | 090721s2006 ua g 000 d ara d | ||
| 017 | _a2003 / 18638 | ||
| 020 | _a9770910023 | ||
| 040 |
_aEG-ScBUE _bara _erda _cEG-ScBUE _dEG-ScBUE |
||
| 082 | 0 | 4 |
_a892.726 _bح ك ي _222 |
| 100 | 1 |
_aحكيم، توفيق، _d1898-1987، _eمؤلف. |
|
| 245 | 1 | 0 |
_aأهل الكهف / _cتوفيق الحكيم. |
| 250 | _aالطبعة الثانية. | ||
| 264 | 1 |
_aالقاهرة : _bدار الشروق، _c2006. |
|
| 300 |
_a135 صفحة ؛ _c20 سم. |
||
| 336 |
_aنص _btxt _2rdacontent |
||
| 337 |
_aبدون وسيط _bn _2rdamedia |
||
| 338 |
_aمجلد _bnc _2rdacarrier |
||
| 490 | 0 | _aأعمال الكاملة | |
| 650 | 7 |
_aالمسرحيات العربية _yقرن 20. _2BUEsh |
|
| 651 | _2BUEsh | ||
| 653 |
_bARALIT _bGGEN _cFebruary2021 |
||
| 942 |
_2ddc _cBB |
||